| 000 | 01198cam a22003258i 4500 | ||
|---|---|---|---|
| 999 |
_c57689 _d57689 |
||
| 001 | 20290262 | ||
| 005 | 20221105211721.0 | ||
| 008 | 180118s2018 nyu b 001 0 eng | ||
| 010 | _a 2018002488 | ||
| 020 | _a9781259644320 (hardcover : alk. paper) 1 | ||
| 035 | _a(DNLM)101719524 | ||
| 041 | _aeng | ||
| 080 | _a618.2 W-69 | ||
| 245 | 0 | 0 |
_aWilliams obstetrics / _ceditors, F. Gary Cunningham, Kenneth J. Leveno, Steven L. Bloom, Jodi S. Dashe, Barbara L. Hoffman, Brian M. Casey, Catherine Y. Spong. |
| 246 | 1 | _aObstetrics | |
| 250 | _a25th edition. | ||
| 264 | 1 |
_aNew York : _bMcGraw-Hill, _c[2018]. |
|
| 300 |
_a1327 p. _c30 m. |
||
| 504 | _aIncludes bibliographical references and index. | ||
| 650 | 1 | 2 |
_aObstetrics _99455 |
| 653 | _aმეანობა | ||
| 653 | _aგინეკოლოგია | ||
| 653 | _aმედიცინა | ||
| 700 | 1 |
_aCunningham, F. Gary, _eავტორი _99456 |
|
| 700 | 1 |
_a Leveno, Kenneth _eავტორი _99457 |
|
| 700 | 1 |
_aBloom, Steven _eავტორი _99458 |
|
| 700 | 1 |
_aSpong, Catherine _eავტორი _99459 |
|
| 700 | 1 |
_aDashe, Jodi და სხვ. _eავტორი _99460 |
|
| 942 |
_2udc _cBK |
||